000 00453ntaaa2200181 4500
003 01
005 20251027202638.0
008 0714s1973 ag 01
040 _aAR-BaBN
_bspa
_cAR-BaBN
_eaacr
_dRIC
082 _a372.4000 B45
100 _aBerdiales, Germán
245 _aMis mejores cuentos para los niños
250 _a8 ed.
260 _aBuenos Aires :
_bEditorial Kapelusz,
_cc1955
300 _a171 p
650 _aniños-cuentos
942 _cBK
999 _c21614
_d21614